Normal view
MARC view
- DALVI, J. P BRIGADIER
Entry Personal Name
001 - CONTROL NUMBER
- control field: 77710
003 - CONTROL NUMBER IDENTIFIER
- control field: NUST
005 - DATE AND TIME OF LATEST TRANSACTION
- control field: 20210628205953.0
008 - FIXED-LENGTH DATA ELEMENTS
- fixed length control field: 210628|| aca||aabn | a|a d
040 ## - CATALOGING SOURCE
- Original cataloging agency: NUST
- Transcribing agency: NUST
100 ## - HEADING--PERSONAL NAME
- Personal name: DALVI, J. P BRIGADIER
670 ## - SOURCE DATA FOUND
- Source citation: Work cat.: (NUST): DALVI, J. P BRIGADIER, HIMALAYAN BLUNDER THE CURTAIN RAIDER TO THE SINO INDIAN WAR OF 1962, 1969
